[Event "EU-ch 2nd"]
[Site "Ohrid"]
[Date "2001.06.12"]
[Round "11"]
[White "Milov, Vadim"]
[Black "Volkov, Sergey"]
[Result "1-0"]
[WhiteElo "2605"]
[BlackElo "2558"]
[Annotator "Milov,V"]
[PlyCount "67"]
[EventDate "2001.06.01"]
[EventType "swiss"]
[EventRounds "13"]
[EventCountry "YUG"]
[SourceTitle "CBM 084"]
[Source "ChessBase"]
[SourceDate "2001.09.13"]
[SourceVersion "1"]
[SourceVersionDate "2001.09.13"]
[SourceQuality "1"]

1. d4 {Huebner,R} d5 2. c4 c6 3. Nc3 Nf6 4. e3 a6 5. Qc2 b5 6. b3 Bg4 7. Nge2
Nbd7 8. h3 Bh5 9. Nf4 Bg6 10. Nxg6 hxg6 11. Bb2 e5 $5 (11... e6 12. Bd3 Be7 13.
Ne2 (13. O-O $5 {/\ 14.e4}) 13... Qa5+ 14. Bc3 Bb4 $11) 12. c5 $5 $146 (12.
dxe5 Nxe5 13. Nxd5 (13. cxd5 cxd5 14. Be2 Rc8 15. Qd2 Bb4 $13) 13... cxd5 14.
Bxe5 Bb4+ 15. Bc3 Qa5 16. Bxb4 Qxb4+ 17. Qd2 Qxd2+ 18. Kxd2 dxc4 19. bxc4 Rd8+
20. Ke1 (20. Kc2 Rc8) 20... b4 $44) 12... Qc7 13. O-O-O $14 Be7 (13... a5 14.
Kb1 a4 15. b4) 14. Kb1 O-O-O $2 {'??' Huebner,R. Huebner,R: 'Dieser krasse
Urteilsfehler verdient ein doppeltes Fragezeichen. Der König steht auf dem
Damenflügel äußerst unsicher, weil Opfer auf b5 (nach vorbereitenden a2-a4 und
a4xb5) stets in der Luft hängen. Nach'} (14... O-O $6 15. Be2 $36 {/\h3-h4-h5})
(14... e4 15. Be2 $14) (14... exd4 $5 15. exd4 Nf8 16. Bd3 (16. g3 Ne6 17. f4
b4 18. Na4 Ne4 $13) 16... Ne6 17. Ne2 $14) (14... O-O {(Huebner,R) entsteht
ein offener Kampf; vielleicht steht Weiß etwas bequemer, weil er auch hier
langfristig einige Angriffsaussichten hat. Die sind aber bei weitem nicht so
deutlich wie nach dem Textzug.}) 15. a4 exd4 (15... e4 16. Na2) 16. exd4 Kb7
17. Na2 $16 Ne4 (17... Nf8 $142 18. Bd3 Ne6 19. g3) 18. Bd3 f5 19. f3 Ng3 {
Huebner,R: 'Hier steht der Springer des Schwarzen völlig außer Spiel.'} 20.
Rhe1 {><Ng3} Bf6 21. Nb4 Nb8 22. axb5 (22. Bc3 $5 Rhe8 (22... a5 23. Nxc6 Nxc6
24. Bxb5 (24. axb5 $5 Nxd4 25. c6+ Kb8 26. Qa2 Nxc6 27. Bxf6 gxf6 28. bxc6 Rd6
29. Bb5 $16) 24... Rhe8 (24... Rh4 25. Re6 Nxd4 26. Bxd4 Rxd4 27. Rxd4 Bxd4 28.
Rb6+ Ka7 29. Qd2 $18) 25. Qd2 $16 {/\Ba5}) 23. Qa2 Kc8 (23... a5 24. Rxe8 Rxe8
25. Nxd5 cxd5 26. axb5 $18) 24. Nxa6 Nxa6 25. axb5 Nb8 (25... Nxc5 26. dxc5
Bxc3 27. Qa8+ Qb8 28. Qxc6+ $18) 26. Qa4 Rxe1 27. Rxe1 $16 {/\Re6,b4,bc6,b4-b5}
) 22... axb5 23. Bc3 (23. Re6 $6 {/\Nc6} Qc8 (23... Rhe8 24. Nxd5 cxd5 25. Rb6+
Kc8 26. Bxb5 $40) 24. Rde1 $140 Ne4) 23... Rhe8 (23... Rh4 24. Re6 $1 Qc8 (
24... Bxd4 25. Nxc6 Nxc6 26. Bxb5 $18) 25. Rde1 Bxd4 (25... Ne4 26. fxe4 Qxe6 (
26... fxe4 27. Rxf6) 27. exd5 Qc8 28. Qa2 $40) 26. Bxb5 $1 cxb5 27. Bxd4 Rxd4
28. Rb6+ Kc7 29. Qa2 $18) 24. Qa2 Rxe1 $2 (24... Qd7 25. Kc2 (25. Qa5 Qc7 26.
Qxc7+ (26. Nxc6 Nxc6 27. Qxb5+ Kc8) 26... Kxc7 27. Nxd5+ cxd5 28. Ba5+ Kc8 29.
Bxd8 Rxe1 30. Rxe1 Kxd8 31. Bxb5 f4 (31... Bxd4 $2 32. Rd1) 32. b4 Nf5 $13)
25... Rxe1 26. Bxe1 $1 (26. Rxe1 Re8 27. Ra1 Kc8 28. Qb2 $5 (28. Qa8 Qb7) 28...
Qb7 (28... Ne2 29. Ra8 Nxc3 30. Qxc3 Qb7 31. Qa1 Re7 32. f4 Rc7 33. g4 $16) 29.
Ra5 Ne2 30. Qa1 Re7 (30... Nxc3 $2 31. Ra7 (31. Kxc3 $4 Bxd4+ 32. Kxd4 Qe7 $19)
31... Re1 32. Qa5 $18) 31. Ra8 Nxc3 32. Kxc3 Bh4 $13) 26... Nh5 27. g4 (27. Ra1
Kc8 28. Qa8 Qb7 29. g4 fxg4 30. fxg4 Qxa8 31. Rxa8 Kb7 32. Rxb8+ Rxb8 33. gxh5
gxh5 $13) 27... fxg4 (27... Nf4 28. Ra1 Kc8 29. Bg3 Bg5 30. h4 $18) 28. hxg4
Nf4 29. Bg3 Bg5 (29... Ne6 30. Ra1) 30. Ra1 Kc8 31. Bxg6 Nxg6 32. Bxb8 $18) (
24... Kc8 25. Kc2 (25. Nxd5 Rxe1 $1 (25... cxd5 26. Bxb5 $40)) (25. Nc2 $5 Qd7
26. Qa5 (26. Qa8 Qb7) 26... Rxe1 (26... Nh5 27. Bd2 $16 {/\g4}) 27. Bxe1 Nh5
28. Bd2 Re8 29. g4 Ng3 30. Qa8 Bd8 31. Re1 $16) 25... Qb7 (25... Nh5 26. Bxb5
cxb5 27. Nxd5 Qc6 28. Nb6+ Kc7 29. Qa5 $18) 26. Qa5 Nh5 (26... Qc7 27. Qxc7+
Kxc7 28. Nxd5+ cxd5 29. Ba5+ $16) 27. Nxd5 $1 (27. Ra1 Nf4 28. Bf1 Ne6 29. Red1
Re7 30. Qa8 Nc7 $13) 27... cxd5 28. Bxb5 Nc6 (28... Rxe1 29. Rxe1 Nf4 30. g3
Nxh3 31. Re6 $18) 29. Bxc6 Qxc6 30. b4 Kb8 (30... Qc7 31. Qa4 Rxe1 32. Rxe1 Nf4
33. b5 $18) 31. Ra1 Rxe1 32. Bxe1 Qb7 33. b5 Rc8 34. c6 $18) 25. Rxe1 Qd7 (
25... Kc8 26. Re6 Qd7 27. Rxc6+ Nxc6 28. Bxb5 $18) 26. Qa5 Qc7 27. Nxc6 $1 $18
(27. Qxc7+ $2 Kxc7 28. Bd2 g5 $13) 27... Nxc6 (27... Qxc6 28. Bxb5 Qc7 29. c6+
Kc8 30. Ba6+ Nxa6 31. Qxa6+ Kb8 32. Ba5 $18) 28. Qxb5+ Ka8 (28... Kc8 29. Re6)
29. Qa4+ Na7 (29... Kb8 30. Re6 Na7 31. Ba5 Qf7 32. Rb6+ Ka8 33. c6 $18) 30.
Ba5 Qf4 (30... Qb7 31. Bxd8 Bxd8 32. Re8 $18) 31. Bb6 (31. Bxd8 $4 Qd2 $13)
31... Qb8 32. Bb5 Rc8 33. Re8 Ne2 34. Bc6+ (34. Bc6+ Rxc6 35. Qxa7#) 1-0

[Event "Biel GM 48th"]
[Site "Biel"]
[Date "2015.07.23"]
[Round "4"]
[White "Adams, Michael"]
[Black "Eljanov, Pavel"]
[Result "0-1"]
[WhiteElo "2740"]
[BlackElo "2723"]
[Annotator "Mokal,P"]
[PlyCount "100"]
[EventDate "2015.07.20"]
[EventType "tourn"]
[EventRounds "10"]
[EventCountry "SUI"]
[EventCategory "19"]
[SourceTitle "CBM 168"]
[Source "ChessBase"]
[SourceDate "2015.09.14"]
[SourceVersion "1"]
[SourceVersionDate "2015.09.14"]
[SourceQuality "1"]

1. c4 c6 2. d4 d5 3. cxd5 cxd5 4. Nc3 Nf6 5. Bf4 Nc6 6. e3 Bg4 7. Qb3 Na5 8.
Qa4+ Bd7 9. Qc2 e6 10. Nf3 (10. Bd3 Be7 ({Black can delay castling as Aronian
and Anand did in the following games} 10... Rc8 11. Nf3 (11. h3 Nc4 (11... b5
$5) 12. Nf3 Bb4 13. a3 Bxc3+ (13... Ba5 $5 14. b4 Bc7) 14. bxc3 Qa5 {1/2-1/2
Aronian,L (2815)-Anand,V (2775)/London 2012 (51); with a solid position for
Black.}) 11... Bb4 12. O-O Nc4 $5 13. Bxc4 Rxc4 14. Ne5 Rc8 15. Qb3 $14 {
1-0 Kramnik,V (2780)-Aronian,L (2783)/Shanghai 2010 (45); but it is White who
is still slightly better.}) ({Another option is to go for} 10... Bb4 11. Nf3
Nh5 12. Bg5 f6 13. g4 (13. Bxh7 $5) 13... fxg5 14. gxh5 Qf6 15. Ne5 Nc6 $132 {
1/2-1/2 Vitiugov,N (2712)-Aronian,L (2809)/Paris/St Petersburg 2013/CBM 154 
(41)}) 11. Nf3 Nc6 {would transpose to the game.}) 10... Be7 ({The other way
to play was} 10... Rc8 {transposing to the comment to White's 9th move after}
11. Bd3) 11. Bd3 (11. h3 Ne4 12. Bd3 (12. Nxe4 dxe4 13. Qxe4 Bb4+ 14. Nd2 O-O
$44) 12... f5 13. O-O Nc6 14. Qb3 Na5 15. Qd1 O-O 16. Rc1 Rc8 17. Ne5 Nc6 18.
Nxd7 Qxd7 19. Qa4 Nf6 20. Nb1 Bd6 21. Bxd6 Qxd6 $11 {1/2-1/2 Smirnov,P (2592)
-Mamedov,R (2652)/Khanty-Mansiysk RUS 2014/The Week in Chess 1044 (37)}) 11...
Nc6 (11... Nh5 $6 12. Be5 f6 (12... Nc6 {just loses a pawn.} 13. Bxh7 $16) 13.
Bxh7 Kf8 (13... fxe5 $2 14. Nxe5 $18) 14. Bg6 (14. Bg3 f5 15. Bg6 Nxg3 16. fxg3
Nc4 $15 {[%cal Gh8h6]}) 14... fxe5 15. Nxe5 Be8 16. Bxe8 Qxe8 17. Ng6+ Kg8 18.
Nxh8 Kxh8 $14) 12. a3 (12. Qe2 Nh5 (12... Nb4 13. Bb1 Nh5 14. Be5) 13. Be5 f6
14. Bg3 f5 15. Bb5 ({After} 15. Be5 Nf6 16. O-O O-O 17. Rac1 Ne4 18. h3 {
Black played the typical manoeuvre} Be8 $1 19. Qd1 Bh5 {0-1 Svane,R (2440)
-Brunello,S (2580)/Legnica 2013/CBM 155 (98); solving his problems.}) 15... O-O
16. Bxc6 Bxc6 17. Ne5 Be8 18. Rc1 Rc8 19. O-O Bd6 20. Rc2 Qc7 21. Nd3 Nxg3 22.
hxg3 Ba4 23. Rcc1 Qa5 $132 {1/2-1/2 Vachier Lagrave,M (2766)-Motylev,A (2698)/
Biel 2014/CBM 162 (40)}) 12... Nh5 13. Be5 f6 (13... Nxe5 $6 14. Nxe5 $1 {
[%cal Gd3h7,Ge5d7]} Nf6 15. Nxd7 $1 Nxd7 $8 16. Bxh7 $16) 14. Bg3 (14. Bxh7 $2
fxe5 15. Bg6+ (15. Qg6+ Kf8 16. Qxh5 exd4 17. exd4 Be8 18. Qh3 Bg6 $17) 15...
Kf8 16. Nxe5 Nxe5 17. dxe5 d4 18. exd4 Nf4 $36) (14. Bf4 Rc8 (14... f5 15. Bb5
$5 {[%csl Ge5][%cal Gb5c6]}) 15. h3 Nxf4 16. exf4 Qb6 17. Rd1 f5 18. Bb5 Bd6
19. g3 Na5 $6 ({Navara would have still had things under control with} 19...
O-O 20. O-O a6 21. Bxc6 Qxc6 $11 {[%cal Gb7b5]}) 20. Bxd7+ Kxd7 21. O-O $14 {
[%csl Rd7] 1-0 Aronian,L (2805)-Navara,D (2716)/Tromso 2014/CBM 162/[Marin,M] 
(27)}) 14... f5 15. Be5 (15. O-O Nxg3 16. hxg3 Rc8 $132) 15... O-O 16. h3 Nf6
17. Bf4 $146 {A novelty, but not one to pose any serious problems for Black.} (
17. g4 Ne4 (17... fxg4 $2 18. hxg4 $40) 18. gxf5 Rxf5 19. Bxe4 (19. Nxe4 $2
Rxf3 20. Nd2 Nxe5 21. dxe5 Rf8 22. Bxh7+ $2 Kh8 23. Ke2 Rc8 24. Qb1 d4 $1 25.
Bd3 dxe3 26. fxe3 Be8 $1 27. Nf3 Bh5 28. Be4 Qb6 29. Rg1 Rc4 {0-1 Brunello,S 
(2580)-Eljanov,P (2702)/Legnica 2013/CBM 155}) 19... dxe4 20. Qxe4 Qb6 21. b4
Raf8 (21... Nxb4 22. axb4 Bxb4 23. O-O Bxc3 24. Rab1 $13) (21... Rc8 $5) 22.
Rg1 R8f7 (22... g6 $5) 23. Bf4 $132 {1/2-1/2 Sokolov,I (2650)-Navara,D (2708)/
Saint Quentin 2014/CBM 160 Extra (35)}) (17. O-O Ne4 18. Bh2 Rc8 $11 {[%cal
Gd7e8] with ...Be8 coming soon Black is perfectly ok.}) 17... Ne4 18. O-O (18.
Bxe4 $6 fxe4 19. Ne5 Nxd4 $1 $17) 18... Rc8 19. Rfc1 Bf6 20. Qb3 (20. Qe2 Be8
$11 {[%cal Ge8h5]}) 20... Na5 21. Qa2 Nxc3 (21... Qb6 $5 $11 {[%cal Gb6b3] /\..
.Qb3}) 22. bxc3 (22. Rxc3 Rxc3 23. bxc3 b5) 22... b5 23. Nd2 (23. a4 bxa4 {
does not promise anything for White.}) 23... Nc4 24. a4 a6 (24... Nxd2 25. Qxd2
bxa4 26. Ba6 Ra8 ({Black could himself choose to play for compensation after} 
26... Qa5 27. Bxc8 Rxc8 {but it is more or less equal.}) 27. Qa2 $44 {/\c4})
25. axb5 axb5 26. Bxc4 (26. Nxc4 dxc4 {followed by ...Bc6 and Black is doing
fine.}) 26... dxc4 27. Nf3 Bc6 28. Qe2 Qd5 29. Qf1 Ra8 30. Ne5 Bb7 ({Black
could have fought for the initiative after} 30... Ra4 $142 31. f3 (31. Rxa4 $6
bxa4 32. f3 (32. Nxc4 $2 Bb5 $17) 32... a3 $15) 31... Rfa8 $36) 31. f3 Be7 ({
Aggressive play with} 31... g5 $5 32. Bg3 h5 {would be interesting although it
is hard to see how much Black could gain with the inevitable R exchanges.}) 32.
Bg3 Bg5 33. Qe1 Ra4 34. Rxa4 bxa4 35. Ra1 Ra8 (35... Bc6 $142 36. Bh4 Bf6 $11 {
This retreat remains possible when the R is kept on f8.}) 36. Bh4 $1 {
Challenging Black's active B.} Bh6 (36... Bf6 {does not work now because of}
37. Bxf6 gxf6 38. e4 $1 fxe4 39. fxe4 Qxe4 40. Qg3+ Kf8 $8 41. Rf1 f5 42. Nd7+
Kf7 43. Re1 $1 $16 {[%csl Rc6,Rd3,Rd5,Re4][%cal Gd7e5,Gd7b6]}) (36... Bxh4 37.
Qxh4 $14) 37. Be7 Bc6 (37... g6 {[%cal Gh6g7]} 38. Qh4 Bg7 39. Bf6 Bf8 (39...
Bxf6 $2 40. Qxf6 $18 {[%csl Rg8]}) 40. Qg5 $40 {[%cal Gh3h4,Gh4h5,Ge5g6] and
Black has to be careful.}) 38. h4 $138 {Time pressure creeps in and provokes a
few inaccuracies.} (38. Ba3 Rb8 {[%cal Gb8b3]} 39. Bb4 Bg5 40. Qe2 Bf6 41. Qxc4
Bxe5 42. Qxd5 exd5 43. dxe5 Kf7 44. f4 Ke6 $11) (38. Rb1 $142 Bb5 (38... a3 $2
39. Bxa3 $18) 39. e4 Qb7 40. Qh4 $1 $16 {[%cal Ge5c4]} (40. exf5 Qxe7 41. Rxb5
exf5 42. Qe2 {[%csl Rc4]} g6 43. Qxc4+ Kg7 $132 {[%csl Ga4] Black's o^ gives
counterplay.})) 38... Be8 (38... g6 $142 $5 $13 {[%cal Gh6g7] /\...Bg7}) 39.
Rb1 $6 (39. Bc5 $142 $14) 39... a3 40. e4 Qa5 41. exf5 ({It would be better
for White to play} 41. Nxc4 {but still Black would have the dynamic chances in
the ensuing complications. For example} Qc7 (41... Qa6 42. Nxa3 $16) 42. Bc5 $8
a2 43. Ra1 Bf4 {[%cal Gf4g3,Gg3h2]} 44. exf5 Bh2+ 45. Kh1 Bg3 46. Qe4 (46.
Qxe6+ $2 Bf7 $17) 46... Rb8 $36) 41... a2 42. Ra1 exf5 43. Nxc4 $6 (43. Bb4 Qa6
$15) 43... Qb5 $1 44. Nd6 $2 (44. Na3 $2 Qb3 $19) ({White could have chosen
the forcing variation leading to an endgame after} 44. Qe6+ Bf7 45. Qxf7+ Kxf7
46. Nd6+ Kxe7 47. Nxb5 Bc1 48. Rxc1 a1=Q 49. Rxa1 Rxa1+ 50. Kf2 Ra2+ (50... Rb1
$5 51. Nc7 Rc1 52. Nb5 (52. Ke2 Rc2+ 53. Kd3 Rxg2 54. Nd5+ Kf7 (54... Kd6 55.
Ne3)) 52... Rc2+ 53. Kg3 (53. Ke3 Rxg2 54. Kf4 g6 55. c4 Rh2 $19) 53... g6 $15)
51. Kg3 Kd7 $15 {Black keeps chances but White can still fight it out,
especially since Black does not have a o^ here. The N is a slow piece but its
a tricky one, and there are quite a few fortresses in R+P vs N+P endgames.}) (
44. Ne5 $5 Qb3 (44... Qb2 45. Nd3 $1 {leads to some interesting variations} Bd2
(45... Qd2 46. Qxd2 Bxd2 47. Nb4 Bf7 48. d5 Re8 49. d6 Bxc3 50. d7 (50. Rxa2
Bxb4 51. d7 Bxe7 52. dxe8=Q+ Bxe8 $15) 50... Ra8 51. Rxa2 Bxa2 52. Nxa2 (52.
Nc6 Bd5 53. d8=Q+ Rxd8 54. Nxd8 Bf6 $1 55. Bxf6 gxf6 $19 {[%csl Rd8][%cal
Gg8f8,Gf8e8]}) 52... Ba5 53. Nb4 Kf7 54. Nc6 Ke6 55. d8=Q Bxd8 56. Bxd8 Kd7 57.
Nd4 Rxd8 58. Nxf5 {[%cal Gf5g3,Gg3e4] +/=/= The position is quite similar to
Vidmar vs Alekhine 1930.}) 46. Nxb2 (46. Qe6+ Bf7 $19) 46... Bxe1 47. Rxe1 a1=Q
48. Rxa1 Rxa1+ 49. Kh2 {[%cal Ge7b4]} (49. Kf2 $2 Ra2 $19) 49... Re1 50. Bc5 (
50. Bb4 Bb5 $15 {[%csl Rb2][%cal Ge1e2,Gb5a4,Gb5d3,Ge2b2]}) 50... Re3 $15) 45.
g3 (45. Bg5 Bxg5 46. hxg5 Rb8 47. Nd3 Bf7 $17 {[%cal Gb8e8,Gb3b1]}) 45... Bb5 (
45... Bf7 46. Nxf7 Kxf7 47. Bd6 Re8 48. Be5 Re6 49. Qf1) 46. f4 Re8 47. Bb4 Bd3
$15) 44... Qd5 $17 {[%csl Rd6,Re1][%cal Gh6f4,Ge8e1,Ga8e8] Suddenly White's
pieces get stuck awkwardly. There is nothing he can do about Black's threat of
...Bf4.} 45. Qe2 (45. Nxe8 Rxe8 $19 {[%cal Gg8f7] and the pin is decisive.})
45... Bf4 46. Nxe8 (46. Nc4 Bb5) 46... Rxe8 47. Rxa2 Kf7 48. Ra7 Bb8 49. Qa2
Qxa2 50. Rxa2 Bg3 {The final touches!} 0-1